| 000 | 00319nam a22001217a 4500 | ||
|---|---|---|---|
| 020 | _a9788120323773 | ||
| 040 | _cnust | ||
| 082 |
_22nd Edition _a658.562 _bMIT |
||
| 100 | _aMitra Amitava | ||
| 245 | _aFundamentals of Quality Control and improvement | ||
| 260 |
_anew Delhi: _bAsoke K. Ghosh, _c2000. |
||
| 942 |
_2ddc _cBK |
||
| 999 |
_c609200 _d609200 |
||